000 nam a22 7a 4500
999 _c9731
_d9731
008 180206b ||||| |||| 00| 0 eng d
100 _aChaturvedi,S.
_95836
245 _aIndia & world Cricket
260 _aNew Delhi
_bNBT
_c2008